000 00596nam a2200217Ia 4500
003 GCL
008 140319s9999 xx 000 0 eng d
040 _aGCL /
_cGCL
082 0 4 _a728.8
_bP V
100 1 _aPANZAC, DANIEL
245 1 0 _aLES VILLLES DANS L'EMPIRE OTTOMAN: ACTIVITES ET SOCIETES /
_cPANZAC, DANIEL
260 _a[S.N] :
_bCNRS EDITIONS ،
_c1994
300 _a415 P
650 0 4 _aARCHITECTURE
650 0 4 _aISLAM - ARCHETICTURE
650 0 4 _aOTTOMAN EMPIRE
650 0 4 _aARCHITECTURE, OTTOMAN
650 0 4 _aVILLAS
650 0 4 _aVILLAS - OTTOMAN EMPIRE
942 _2ddc
_cBK
999 _c15273
_d15273